Normal view MARC view
  • Clarke, Hans Thacher.

Entry Personal Name

Number of records used in: 7

001 - CONTROL NUMBER

  • control field: 1253

003 - CONTROL NUMBER IDENTIFIER

  • control field: NUST

005 - DATE AND TIME OF LATEST TRANSACTION

  • control field: 20170522111855.0

008 - FIXED-LENGTH DATA ELEMENTS

  • fixed length control field: 170522|| aca||aabn | a|a d

040 ## - CATALOGING SOURCE

  • Original cataloging agency: NUST
  • Transcribing agency: NUST

100 ## - HEADING--PERSONAL NAME

  • Personal name: Clarke, Hans Thacher.

670 ## - SOURCE DATA FOUND

  • Source citation: Work cat.: (NUST)0: Clarke, Hans Thacher., A handbook of organic analysis: , 2007.
© 2023 Central Library, National University of Sciences and Technology. All Rights Reserved.